Salatut Elämät: alkuperäiset hahmot - Statistics

Yleistilastot
  • Tätä visaa on pelattu 1 531 kertaa
  • Keskiarvotulos 14 / 18
Vastaustilastot
Näyttelijä Hahmo Vuosina % Oikein
Esko Kovero Ismo Laitela 1999-
99%
Maija-Liisa Peuhu Ulla Taalasmaa 1999-2007, 2010, 2013-2021, 2022
98%
Jarmo Koski Seppo Taalasmaa 1999-2013, 2017, 2020-2021
97%
Pete Lattu Kalle Laitela 1999-2001, 2002, 2012-
94%
Sami Uotila Aki Nikkinen 1999-2002, 2014-
92%
Tommi Taurula Kari Taalasmaa 1999, 2001-2004, 2005, 2007-2010, 2014, 2015-2018, 2019-
90%
Jasper Pääkkönen Saku Salin 1999-2002
87%
Venla Saartamo Miia Laitela 1999-2002
85%
Anu Palevaara Jenni Vainio 1999-2001, 2002-2011, 2012-2013
76%
Sanna Luostarinen Elina Taalasmaa 1999-2008, (2020-)
73%
Jouko Keskinen Jukka Salin 1999-2004
72%
Jonna Keskinen Silja Salin 1999-2000, 2001, 2002
71%
Tarja Omenainen Hanna Salin 1999-2003
70%
Piitu Uski Laura Kiviranta 1999-2008, 2012
70%
Tuomas Kytömäki Aleksi Salin 1999-2004, 2008, 2014
67%
Andrei Sandberg Markus Ekholm 1999-2002
65%
Anu Koskinen Katja Vainio 1999-2003, 2004, 2011, 2013
63%
Kristo Salminen Toni Veijalainen 1999-2000, 2003, 2004
50%
Ehtoja vastaavia visoja ei löytynyt
Tulosjakauma
Jokaisen tuloksen saaneiden osuus
Persentiili vastausten määrän mukaan
Tuloshistoriasi
Et ole pelannut tätä visaa